| 000 | 01311cam a22003617a 4500 | ||
|---|---|---|---|
| 003 | CHAP | ||
| 005 | 20220329133452.0 | ||
| 008 | 971013s1992 r 00010 d | ||
| 010 | _a6724 | ||
| 011 | _a7696 | ||
| 035 | _a6920 | ||
| 040 | _cCHAP | ||
| 082 | 0 | 4 |
_a630.71 _bM3 1992 |
| 100 | 0 | 0 |
_aMata García, Bernardino. _972863 |
| 245 | 1 | 0 | _aLa formación del agrónomo necesario |
| 250 | _a2 ed | ||
| 260 |
_aChapingo, Mex. : _bUACH, _c1992 |
||
| 300 | _a127 p. | ||
| 490 | 0 |
_aCuadernos universitarios. Serie Educación y Universidad _v; 1 |
|
| 500 | _aTítulo de la 1 ed. : Los trabajos de campo en la formación del agrónomo necesario | ||
| 590 |
_aBATCH-UPD _b10 _c20130110 _lUCH01 _h1916 |
||
| 590 |
_aBATCH-UPD _b10 _c20130410 _lUCH01 _h1242 |
||
| 590 |
_aBATCH-UPD _b10 _c20130914 _lUCH01 _h1240 |
||
| 590 |
_aCONVERSION _b10 _c20130109 _lUCH01 _h1305 |
||
| 650 | 1 | 4 |
_aEducación agrícola. _935491 |
| 650 | 1 | 4 |
_aEducación agrícola _zMéxico. _935552 |
| 650 | 1 | 4 |
_aExtensión agrícola. _939144 |
| 830 | 0 |
_aCuadernos universitarios. Serie Educación y Universidad _v; 1 _929896 |
|
| 901 | _aBK | ||
| 942 | _cLIBRO | ||
| 949 |
_a630.71 M3 1992 _bBC _cLIBRO _d-16610 _eLIBRO _fc.2 _gI.c/e _h85048 _i6920 _si _t25.00 |
||
| 949 |
_a630.71 M3 1992 _bBC _cLIBRO _d33724000555165 _eLIBRO _gI. c/e _h85047 _i6920 _so _t25.00 |
||
| 999 |
_c6724 _d6724 |
||